000 00695nam a2200253Ia 4500
003 OSt
005 20221005090030.0
006 a|||||r|||| 00| 0
007 ta
008 221004b |||||||| |||| 00| 0 eng d
020 _a0188011769
024 _a77281
037 _cTextual
040 _aCRL
_cCRL
_beng
041 _2eng
_aeng
082 _aO111973v, L9
100 _aHowe Irving
245 0 _aCelebrations and attacks
_b Thirty years of literary and cultural commentary
260 _aNew York
_bHorizon press USA
_c1979
300 _a256p
_ccm.
650 _aENGLISH LITERATURE
942 _hO111973v, L9
_cTEXL
_2cc
999 _c995139
_d995139